| 000 | 00388cam a2200157ua 4500 | ||
|---|---|---|---|
| 041 |
_aeng _h |
||
| 082 |
_a828.09 _bOGD/ME |
||
| 100 | _aOgden, C K . | ||
| 245 |
_aMeaning of meaning / _cC K Ogden. _hTextual Documents |
||
| 260 |
_aLondon : _bRoutledge & Kegan Paul Ltd , _c1960. |
||
| 300 | _a363 ; . | ||
| 504 | _a | ||
| 700 | 1 | _aRichard, I A . | |
| 942 | _cBK | ||
| 999 |
_c5053 _d5053 |
||